Best Selling Albums of All Time - Statistics

General Stats
  • This quiz has been taken 41 times
  • The average score is 9 of 17
Answer Stats
Band/Performer Album % Correct
Michael Jackson Thriller
97%
Bee Gees/Various Artists Saturday Night Fever
77%
Michael jackson Bad
74%
Whitney Houston/Various Artists The Bodyguard
72%
Pink Floyd The Dark Side of the Moon
72%
Fleetwood Mac Rumours
69%
Meatloaf Bat Out of Hell
67%
Eagles Hotel California
67%
AC/DC Back in Black
62%
Adele 21
59%
Alanis Morissette Jagged Little Pill
54%
Guns 'n Roses Appetite for Destruction
49%
Shania Twain Come On Over
33%
Led Zeppelin IV
28%
Metallica Metallica
28%
Santana Supernatural
23%
Celine Dion Falling into You
8%
No matching quizzes found
Score Distribution
Percent of People with Each Score
Percentile by Number Answered
Your Score History
You have not taken this quiz